Told You So - Paramore - Statistics

General Stats
  • This quiz has been taken 12 times
  • The average score is 289 of 367
Answer Stats
Hint Answer % Correct
so'"
100%
so
100%
so"
100%
to
100%
To
100%
told
100%
Outro "Told
100%
a
89%
come
89%
I
89%
Chorus "I
89%
'I
89%
me
89%
me)
89%
The
89%
the
89%
you
89%
all
78%
and
78%
Pre-Chorus And
78%
best
78%
But
78%
Verse 1 For
78%
go
78%
hate
78%
is
78%
Is
78%
it
78%
know
78%
love
78%
over
78%
say
78%
Post-Chorus Say
78%
(Say
78%
they
78%
thy
78%
yet
78%
again
67%
enough
67%
fire
67%
have
67%
in
67%
in)
67%
into
67%
on
67%
out
67%
pull
67%
rest
67%
up
67%
when
67%
When
67%
worst
67%
am
56%
given'
56%
hopin'
56%
keep
56%
like
56%
my
56%
that
56%
Bridge Throw
56%
Post-Chorus (Throw
56%
throw
56%
was
56%
Well
56%
were
56%
admit
44%
At
44%
least
44%
right
44%
thrown
44%
try
44%
wrong
44%
cool
33%
No matching quizzes found
Score Distribution
Percent of People with Each Score
Percentile by Number Answered
Your Score History
You have not taken this quiz